000 00666cam a2200229 4500500
005 20260329005441.0
041 _afre
042 _adc
100 1 0 _aEnjalbert, Cédric
_eauthor
245 0 0 _a“Anatomie d’une chute” : l’ombre d’un doute
260 _c2023.
500 _a1
690 _aDoute
690 _aFait divers
690 _aFestival de Cannes
690 _aFilm
690 _aMeurtre
690 _aNietzsche
690 _aVérité
786 0 _nPhilosophie magazine | 172 | 9 | 2023-09-01 | p. 70-70 | 1951-1787
856 4 1 _uhttps://shs.cairn.info/magazine-philosophie-magazine-2023-9-page-70?lang=fr&redirect-ssocas=7080
999 _c1843550
_d1843550